000 00511nam a2200193Ia 4500
005 20260429111917.0
008 260429s9999||||xx |||||||||||||| ||und||
020 _a9789358870893
041 _aEnglish
082 _a662.88
_bPAN
100 _aPanwar, N.L.
245 0 _aPyrolysis of biomass :
_bscience and technology /
_cN.L. Panwar
260 _aNew Delhi :
_bNipa,
_c2024.
300 _ax, 303 p.; hb
650 _a Biomass fuel
650 _aFuel technology
700 _a Patel, M.R.
942 _cTB
999 _c51389
_d51389